000 00308nam a22001337a 4500
008 181012b xxu||||| |||| 00| 0 eng d
020 _a0838523226
041 _aeng
080 _22nd
_a616.9
100 _a8
101 _aINF
245 _aExternal Infections of the Eye
_cFedukowicz,H.B
942 _2udc
_cBK
999 _c49474
_d49474